[Event "GRE-ch U14"]
[Site "Peristeri"]
[Date "2023.07.04"]
[Round "3"]
[White "Lampropoulos, Pavlos"]
[Black "Pangos, Vaios"]
[Result "1/2-1/2"]
[WhiteElo "1602"]
[BlackElo "1368"]
[PlyCount "153"]
[EventDate "2023.07.03"]
[EventType "swiss"]
[EventRounds "9"]
[EventCountry "GRE"]
[SourceTitle "EXT 2024"]
[Source "ChessBase"]
[SourceDate "2023.10.10"]
[SourceVersion "1"]
[SourceVersionDate "2023.10.10"]
[SourceQuality "1"]

1. e4 e5 2. Nf3 Nc6 3. d4 exd4 4. Nxd4 Nf6 5. Nc3 Bb4 6. Nxc6 bxc6 7. Bd3 d5 8. exd5 cxd5 9. 0-0 0-0 10. Bg5 c6 11. Qf3 Be7 12. Rfe1 Be6 13. Ne2 Bd7 14. Ng3 h6 15. Bf4 Bc5 16. Nf5 Bxf5 17. Bxf5 Bd6 18. Bd2 Qc7 19. Bc3 Be7 20. Bd3 Qd6 21. Be5 Qd7 22. h3 Ne8 23. Re2 Bd6 24. Bc3 c5 25. Bd2 Bc7 26. Rae1 Nf6 27. g3 c4 28. Bf5 Qd6 29. c3 Bb6 30. Bf4 Qc5 31. Be5 Qc6 32. Bc2 Nd7 33. Bf4 Rac8 34. Qg4 Nf6 35. Qf3 d4 36. Qxc6 Rxc6 37. cxd4 Bxd4 38. Be5 Bc5 39. Bc3 Nd5 40. Re5 Nxc3 41. bxc3 g6 42. Be4 Rc7 43. Bd5 Kg7 44. Kg2 Ba3 45. R5e4 Bb2 46. Rxc4 Rxc4 47. Bxc4 Bxc3 48. Re7 Bd4 49. Bb3 Bb6 50. f4 g5 51. Kf3 Kg6 52. g4 gxf4 53. Kxf4 Bf2 54. Kf3 Bb6 55. Rd7 Bc5 56. h4 Kf6 57. Kf4 Bb6 58. a4 Bf2 59. h5 Kg7 60. Kf5 Bb6 61. Bd5 Bf2 62. a5 Be3 63. a6 Bf2 64. Kf4 Bg1 65. Ba2 Bf2 66. g5 hxg5+ 67. Kxg5 Be3+ 68. Kf5 Bb6 69. Bd5 Bf2 70. Rb7 Bd4 71. Rd7 Bb6 72. Bb3 Be3 73. Ke5 Bf2 74. Kd5 Bg1 75. Kc6 Rc8+ 76. Kb7 Rf8 77. Rd6 1/2-1/2

[Event "GRE-ch U12 Attiki"]
[Site "Peristeri"]
[Date "2022.06.28"]
[Round "5"]
[White "Ieromonachos, Georgios"]
[Black "Lampropoulos, Pavlos"]
[Result "1/2-1/2"]
[WhiteElo "1144"]
[BlackElo "1326"]
[PlyCount "81"]
[EventDate "2022.06.24"]
[EventType "swiss"]
[EventRounds "7"]
[EventCountry "GRE"]
[SourceTitle "EXT 2023"]
[Source "ChessBase"]
[SourceDate "2022.10.05"]
[SourceVersion "1"]
[SourceVersionDate "2022.10.05"]
[SourceQuality "1"]

1. e4 e5 2. Nf3 Nc6 3. d4 exd4 4. Nxd4 Nf6 5. Nc3 Nxe4 6. Nxc6 Nxc3 7. Nxd8 Nxd1 8. Nxf7 Kxf7 9. Bc4+ Kf6 10. Kxd1 c6 11. b3 d5 12. Bb2+ Kf7 13. Bd3 Bd6 14. Re1 Be6 15. g3 Rhe8 16. Kd2 g6 17. Be5 Bxe5 18. Rxe5 Kf6 19. Rae1 Re7 20. g4 Rae8 21. g5+ Kf7 22. Kc3 c5 23. Bb5 Rd8 24. f4 Rd6 25. Bd3 Red7 26. h4 Rc6 27. Bb5 Bf5 28. Bxc6 bxc6 29. h5 Rb7 30. a3 Rd7 31. hxg6+ hxg6 32. b4 d4+ 33. Kb3 c4+ 34. Kb2 d3 35. cxd3 cxd3 36. Kc3 d2 37. Rd1 Rd3+ 38. Kc4 Rd7 39. Kc3 Rd3+ 40. Kc2 Rd4+ 41. Kc3 1/2-1/2

[Event "GRE-chT Online Rapid op 1st"]
[Site "Tornelo INT"]
[Date "2021.02.21"]
[Round "9.30"]
[White "Chourdakis, Aristofanis"]
[Black "Lampropoulos, Pavlos"]
[Result "0-1"]
[WhiteElo "1053"]
[BlackElo "1287"]
[PlyCount "40"]
[EventDate "2021.02.20"]
[EventType "team-swiss (rapid)"]
[EventRounds "9"]
[EventCountry "GRE"]
[SourceTitle "EXT 2023"]
[Source "ChessBase"]
[SourceDate "2022.10.05"]
[SourceVersion "1"]
[SourceVersionDate "2022.10.05"]
[SourceQuality "1"]

1. d4 d5 2. c4 e6 3. Nc3 Nf6 4. Nf3 Be7 5. Bf4 0-0 6. e3 a6 7. cxd5 exd5 8. Bd3 c6 9. h3 Nbd7 10. 0-0 h6 11. Rb1 Re8 12. b4 Nb6 13. a3 Be6 14. Nd2 Bd6 15. Bxd6 Qxd6 16. Nb3 Nbd7 17. Na4 b6 18. Qd2 Rec8 19. Qe2 b5 20. Nac5 Nxc5 0-1

[Event "GRE-chT Online Rapid op 1st"]
[Site "Tornelo INT"]
[Date "2021.02.20"]
[Round "4.30"]
[White "Dimitriou Zotos, Konstantinos"]
[Black "Lampropoulos, Pavlos"]
[Result "0-1"]
[WhiteElo "1043"]
[BlackElo "1287"]
[PlyCount "124"]
[EventDate "2021.02.20"]
[EventType "team-swiss (rapid)"]
[EventRounds "9"]
[EventCountry "GRE"]
[SourceTitle "EXT 2023"]
[Source "ChessBase"]
[SourceDate "2022.10.05"]
[SourceVersion "1"]
[SourceVersionDate "2022.10.05"]
[SourceQuality "1"]

1. e4 e5 2. Nf3 Nc6 3. Bc4 Bc5 4. 0-0 Nf6 5. d3 h6 6. c3 d6 7. a4 a6 8. b4 Ba7 9. Qb3 0-0 10. Nh4 Qd7 11. Nf5 Ne7 12. Nxe7+ Qxe7 13. h3 c6 14. Qa2 b5 15. axb5 axb5 16. Bb3 Bxf2+ 17. Qxf2 Rxa1 18. Ba3 Be6 19. Qb2 Bxb3 20. Qxa1 Ba4 21. Qb2 Ra8 22. Kh1 Qe6 23. Nd2 Nh5 24. Rf3 Nf4 25. c4 Qg6 26. Nf1 Bd1 27. Rg3 Qe6 28. cxb5 cxb5 29. Qc1 Be2 30. d4 Nd3 31. d5 Qf6 32. Rxd3 Bxd3 33. Ng3 Qf4 34. Qxf4 exf4 35. Nf5 Rxa3 36. Nxd6 Ra6 37. e5 Rxd6 38. exd6 Kf8 39. Kg1 Ke8 40. Kf2 Kd7 41. Kf3 Kxd6 42. Kxf4 Kxd5 43. Ke3 Kc4 44. g4 Bg6 45. Kd2 Kxb4 46. Kc1 Kb3 47. h4 Ka2 48. h5 Bxh5 49. gxh5 b4 50. Kc2 b3+ 51. Kc1 b2+ 52. Kd2 b1Q 53. Ke3 Qb4 54. Kf3 Qd4 55. Ke2 Qc3 56. Kd1 Qb2 57. Ke1 Kb3 58. Kf1 Kc3 59. Ke1 Kd3 60. Kf1 Ke3 61. Kg1 Kf3 62. Kh1 Qg2# 0-1